000 00717nam a2200205Ii 4500
003 JO-AjNU
008 230605s9999||||xx |||||||||||||| ||und||
040 _aJO-AjNU
_bara
_erda
_cJO-AjNU
041 _aara
050 1 4 _aPJ6075.M3464 1981
100 3 _aتاليف مخلوف،عبد الرؤوف,
_eauthor
_934024
245 0 0 _aمن قضايا اللغة والنقد والبلاغة
250 _aط1
264 3 1 _aالكويت: مكتبة الفلاح، 1981
300 _a334ص
336 _atext
_btxt
_2rdacontent
337 _aunmediated
_bn
_2rdamedia
338 _avolume
_bnc
_2rdacarrier
650 4 _aاللغة العربية-اللغة والنقد والبلاغة-النقد-البلاغة
_934025
999 _aA13907
_c17475
_d17475